Statistiques concernant Culture Générale - Série 2301

Cliquez ici pour prendre le quiz!

Statistiques générales

  • Ce quiz a été pris 107 fois
  • Le résultat moyen est 5 sur 10

Statistiques - réponses

QuestionRéponse% Correct
Quel animal glougloute ?dindon
79%
Quelle est la capitale de la Bolivie ?Sucre
77%
De quel pays sont originaires les nouilles jaunes à base de farine de blé généralement servies en soupe. appelées "ramen" ?Japon
76%
Quelle île située dans la lagune de Venise est réputée pour son verre ?Murano
63%
Quel est le numéro du département français où se trouve le zoo de La Palmyre ?17
52%
Qui est l'acteur principal du film "A bout de souffle" réalisé par Jean-Luc Godard en 1960 ? prénom et nomJean-Paul Belmondo
52%
Quel acteur français prête sa voix à Starsky dans la série "Starsky et Hutch" ? prénom et nom - voir photoJacques Balutin
41%
Quelle île située dans la lagune de Venise est réputée pour sa dentelle et ses canaux bordés de maisons vivement colorées.?Burano
25%
Quel personnage figurait sur le billet français de 5 francs de 1967 ? prénom et nomLouis Pasteur
4%
Comment appelle-t-on la femelle du bouquetin ?étagne
2%

Distribution des résultats

Percentile par nombre de réponses

% des personnes avec chaque résultat

Votre développement - résultats

Vous n’avez pas pris ce quiz